[Event "SYR-ch"]
[Site "Damascus"]
[Date "2019.04.27"]
[Round "10"]
[White "Hammoudi, Ali"]
[Black "Shekh A, Osamah"]
[Result "1-0"]
[WhiteElo "2132"]
[BlackElo "2082"]
[PlyCount "74"]
[EventDate "2019.04.22"]
[EventType "tourn"]
[EventRounds "11"]
[EventCountry "SYR"]
[SourceTitle "CBM 190 Extra"]
[Source "ChessBase"]
[SourceDate "2019.07.15"]
[SourceVersion "1"]
[SourceVersionDate "2019.07.15"]
[SourceQuality "1"]

1. Nf3 d5 2. d4 Nf6 3. c4 e6 4. Nc3 Be7 5. g3 b6 6. Bg2 Bb7 7. Ne5 0-0 8. Qa4 a6 9. 0-0 Ne4 10. cxd5 exd5 11. Bf4 Nxc3 12. bxc3 b5 13. Qb3 f6 14. Nd3 Kh8 15. a4 c6 16. e4 dxe4 17. Bxe4 Nd7 18. Qe6 bxa4 19. Qh3 f5 20. Bxf5 Nf6 21. Bg5 Bc8 22. Be6 Bxe6 23. Qxe6 Qd6 24. Rfe1 Rfe8 25. Bxf6 gxf6 26. Rxa4 Bf8 27. Qxe8 Rxe8 28. Rxe8 Kg7 29. Rxa6 Qd7 30. Rea8 Qf5 31. R6a7+ Kg8 32. Nc5 Qb1+ 33. Kg2 h5 34. h4 Qc2 35. Re7 Qf5 36. Ne6 Qe4+ 37. Kh2 Qe5 1-0